00398nam a2200133 a 4500020001800000082001900018100002700037245005600064260005000120300000900170500003500179650002300214700002700237 a978052171242200a820.99287bKNO aKnoppers, Laura Lunger aCambridge Companion to Early Modern Women`s Writing aCambridge bCambridge University Press c2009 a306p aincludes index and biblioraphy aEnglish-Literature1 aKnoppers, Laura Lunger